Introduction to plasma physics and controlled fusion (Record no. 38915)
[ view plain ]
| 000 -LEADER | |
|---|---|
| fixed length control field | 00842nam a2200301Ia 4500 |
| 003 - CONTROL NUMBER IDENTIFIER | |
| control field | OSt |
| 005 - DATE AND TIME OF LATEST TRANSACTION | |
| control field | 20221005193050.0 |
| 008 - FIXED-LENGTH DATA ELEMENTS--GENERAL INFORMATION | |
| fixed length control field | 220909b |||||||| |||| 00| 0 eng d |
| 020 ## - INTERNATIONAL STANDARD BOOK NUMBER | |
| International Standard Book Number | 9788181288028 (pbk) |
| 037 ## - SOURCE OF ACQUISITION | |
| Terms of availability | Textual |
| 040 ## - CATALOGING SOURCE | |
| Original cataloging agency | CSL |
| Language of cataloging | eng |
| Transcribing agency | CSL |
| 041 ## - LANGUAGE CODE | |
| Language code of text/sound track or separate title | eng |
| 100 ## - MAIN ENTRY--PERSONAL NAME | |
| Personal name | Chen Francis F |
| 9 (RLIN) | 642641 |
| 245 #0 - TITLE STATEMENT | |
| Title | Introduction to plasma physics and controlled fusion |
| 250 ## - EDITION STATEMENT | |
| Edition statement | 2 |
| 260 ## - PUBLICATION, DISTRIBUTION, ETC. | |
| Place of publication, distribution, etc. | New York |
| Name of publisher, distributor, etc. | Springer |
| Date of publication, distribution, etc. | 1984 |
| 300 ## - PHYSICAL DESCRIPTION | |
| Extent | p. |
| Dimensions | cm. |
| 500 ## - GENERAL NOTE | |
| General note | Appendix A-D, 349-416p.; Index 417-421p. |
| 650 ## - SUBJECT ADDED ENTRY--TOPICAL TERM | |
| Topical term or geographic name entry element | Controlled Fusion |
| 9 (RLIN) | 642642 |
| 650 ## - SUBJECT ADDED ENTRY--TOPICAL TERM | |
| Topical term or geographic name entry element | Plasma Physics |
| 9 (RLIN) | 642643 |
| 650 ## - SUBJECT ADDED ENTRY--TOPICAL TERM | |
| Topical term or geographic name entry element | Physics |
| 942 ## - ADDED ENTRY ELEMENTS (KOHA) | |
| Classification part | C9B58, M4.1;27-;31 |
| Koha item type | Textual |
| Source of classification or shelving scheme | Colon Classification (CC) |
| Withdrawn status | Lost status | Damaged status | Not for loan | Home library | Current library | Date acquired | Total Checkouts | Full call number | Barcode | Date last seen | Price effective from | Koha item type | Source of acquisition | Public note | Date last checked out |
|---|---|---|---|---|---|---|---|---|---|---|---|---|---|---|---|
| Central Science Library | Central Science Library | 2022-09-12 | C9B58 M4.1;27-;31 | SL1382024 | 2022-09-12 | 2022-09-12 | Textual | ||||||||
| Central Science Library | Central Science Library | 2022-09-12 | C9B58 M4.1;27-;31 | SL1382025 | 2022-09-12 | 2022-09-12 | Textual | 098, 11/09/2008, Dhanraj Book House | |||||||
| Central Science Library | Central Science Library | 2022-09-12 | C9B58 M4;P6;26-;27 TC | SL1382378 | 2022-09-12 | 2022-09-12 | Textbook | 6502, 29/10/2008, Sethi Book House | {Indian reprint 2008}. | ||||||
| Central Science Library | Central Science Library | 2022-09-12 | C9B58 M4;P6;26-;27 TC | SL1382379 | 2022-09-12 | 2022-09-12 | Textbook | 6502, 29/10/2008, Sethi Book House | {Indian reprint 2008}. | ||||||
| Central Science Library | Central Science Library | 2022-09-12 | 2 | C9B58 M4.1;33 | SL1382797 | 2025-10-28 | 2022-09-12 | Textual | 846, 26/12/2008, Capital Books Pvt.Ltd. | {Ist Indian reprint 2008}. | 2025-09-26 | ||||
| Central Science Library | Central Science Library | 2022-09-12 | C9B58 M4.1;33 | SL1382022 | 2022-09-12 | 2022-09-12 | Textual | {Ist Indian reprint 2008}. |
